1573 1361 1826 1561 1150 1190 1284 1414 1924 1329 1471 1699 1866 1821 1626 1621 1542 1828 1906 1522 1419 1732 1326 1302 1582 1161 1416 1447 1123 1390 1554 1949 1994 1463 1165 1956 1697 1287 1833 1271 1221 1466 1292 1919 1182 1164 1320 1831 1891 1213 1278 1640 1856 1998 1517 1101 1702 1375 1481 1409 1603 1399 1687 1237 1524 1633 1619 1777 1200 1161 1042 1456 1831 1737 1125 1975 1720 1651 1603 1984 1338 1929 1890 1431 1478 1808 1855 1264 1095 1997 1147 1948 1344 1273 1486 1074 1873 1781 1707 BCNSPRNW ULIB Ver.6.0+V

เปลี่ยนเป็นภาษาไทย

Change to English
 แสดงรายละเอียดบรรณานุกรม
  กลับหน้าหลัก

Brief Record : Get Marc (ISO 2709) : E-mail record : QR code < ปิดหน้าต่าง
LEADER : 00000nam 2200000uu 4500
001    13399121857
003     ULIB
008    121212s2549||||th 000 0 tha d
020    ^a9749413911
060  4 ^aWE344^bพ973ฟ 2549
100 0  ^aไพจิตต์ อัศวธนบดี
245 00 ^aฟื้นฟูวิชาการโรคข้อและรูมาติสซั่มประจำปี 2549 /^cบรรณาธิการ,ไพจิตต์ อัศวธนบดี
250    ^aพิมพ์ครั้งที่ 1
260    ^aกรุงเทพฯ :^bสมาคมรูมาติสซั่มแห่งประเทศไทย,^c2549
300    ^a184 หน้า :^bภาพประกอบ ;^c22 ซม.
650  7 ^aข้ออักเสบรูห์มาตอยด์^vการประชุม
650  7 ^aข้อ, โรค^vการประชุม
650  7 ^aกระดูก, โรค^vการประชุม
650  7 ^aรูห์มาติสม^vการประชุม
710 2  ^aสมาคมรูมาติสซั่มแห่งประเทศไทย
945    ^p0^l0^i16056
945    ^p0^l0^i16057
995    ^aกัณชพร
999 ^a ใช้งานได้ทุกระบบ
รายการนี้ยังไม่มีแท็ก
คุณยังไม่ได้ล็อกอิน คุณสามารถมีกิจกรรมร่วมกับเว็บไซต์ได้ แต่ต้องล็อกอินก่อน ::
  ล็อกอิน

รายการสื่อสารสนเทศ

ลำดับที่ ประเภท เลขเรียก/บาร์โค้ด สถานที่ สถานะ
1. วิทยาศาสตร์การแพทย์ และสุขภาพ
วิทยาศาสตร์การแพทย์ และสุขภาพ
WE344 พ973ฟ 2549  
  Barcode: 16056
ห้องสมุดวิทยาเขตสวรรค์ประชารักษ์
►ส่วนจัดเก็บหนังสือเก่า สปร
บนชั้น
  ขอยืม
2. วิทยาศาสตร์การแพทย์ และสุขภาพ
วิทยาศาสตร์การแพทย์ และสุขภาพ
WE344 พ973ฟ 2549 ฉ.2 
  Barcode: 16057
ห้องสมุดวิทยาเขตสวรรค์ประชารักษ์
►หนังสือทั่วไป
บนชั้น

รายการใกล้เคียง
    ผู้แต่ง [ไพจิตต์ อัศวธนบดี]

BibComment


ยังไม่เคยถูกคอมเมนท์

คอมเมนท์ทรัพยากรรายการนี้
  คอมเมนท์: ฟื้นฟูวิชาการโรค..


 Copyright 2026. Bcnsprnw @Library